000 00339nam a22001457a 4500
008 250324b |||||||| |||| 00| 0 eng d
020 _a9780323401159
050 _aRD81
_b.B37
245 _aBasics of Anesthesia
250 _a7th
260 _aPhiladelpia
_bElsevier
_c2018
300 _axix,914p
650 _aAnesthesiology
942 _cBK
999 _c2631
_d2631